[Event "AUTO-ADV-4923"]
[Site "http://www.queenalice.com/game.php?id=1873331"]
[Date "2026.5.13"]
[Round "2"]
[White "maurice916"]
[Black "mvson33"]
[Result "1-0"]
[WhiteElo "1869"]
[BlackElo "1835"]

1. Nf3 d5 2. b3 Nf6 3. Bb2 g6 4. e3 Bg7 5. c4 dxc4 6. Bxc4 O-O 7. O-O Nc6 8. d4
Bd7 9. Nbd2 Na5 10. Be2 Nc6 11. a3 e6 12. Nc4 Ne7 13. b4 Nc6 14. Nce5 Qe7 15.
Nxd7 Qxd7 16. Qb3 Rad8 17. Rac1 Ne7 18. Ne5 Qc8 19. Bf3 c6 20. b5 Qb8 21. bxc6
Nxc6 22. Nxc6 bxc6 23. Qxb8 Rxb8 24. Bc3 Rb3 25. Bb4 Rc8 26. Bd1 Rb2 27. Ba4 Rb8
28. Bd1 Nd5 29. Bd6 R8b7 30. Rxc6 Ra2 31. Rc8+ 1-0

[Event "AUTO-OPEN-4652"]
[Site "http://www.queenalice.com/game.php?id=1873409"]
[Date "2026.5.15"]
[Round "1"]
[White "mvson33"]
[Black "EdsonEstevam"]
[Result "1-0"]
[WhiteElo "1827"]
[BlackElo "1779"]

1. e4 e5 2. Nf3 Nc6 3. Bb5 Nge7 4. O-O a6 5. Ba4 b5 6. Bb3 h6 7. d3 Ng6 8. a3
Be7 9. Nc3 d6 10. Bd2 Bg4 11. h3 Bxf3 12. Qxf3 Nd4 13. Qxf7+ Kd7 14. Qxg6 Nxb3
15. cxb3 Rg8 16. f4 Kc6 17. fxe5 Kb7 18. exd6 Bxd6 19. Bf4 Rf8 20. Bxd6 cxd6 21.
Rxf8 Qxf8 22. Rf1 Qd8 23. Qxg7+ Kc6 24. Qxh6 Qg8 25. Qh5 Qxb3 26. Qd5+ Qxd5 27.
Nxd5 a5 28. g4 b4 29. axb4 Kb5 30. Nc7+ Kxb4 31. Nxa8 a4 32. Nb6 d5 33. exd5 Kb3
34. Nxa4 Kxa4 35. g5 1-0

[Event "AUTO-OPEN-4652"]
[Site "http://www.queenalice.com/game.php?id=1873410"]
[Date "2026.5.15"]
[Round "1"]
[White "EdsonEstevam"]
[Black "mvson33"]
[Result "1-0"]
[WhiteElo "1781"]
[BlackElo "1844"]

1. e4 d6 2. d4 Nf6 3. Nc3 Nc6 4. Nf3 e5 5. Bb5 Bd7 6. O-O exd4 7. Nxd4 Be7 8. h3
O-O 9. Re1 Nxd4 10. Qxd4 Bxb5 11. Nxb5 Re8 12. Bg5 a6 13. Nc3 Bf8 14. Nd5 Be7
15. e5 dxe5 16. Rxe5 Nxd5 17. Rxd5 Qc8 18. Rd1 Bxg5 19. Rxg5 g6 20. Rd3 c6 21.
h4 Qc7 22. f4 Rad8 23. Qf2 Rxd3 24. cxd3 Qe7 25. h5 Qe1+ 26. Qf1 Qxf1+ 27. Kxf1
Re3 28. hxg6 hxg6 29. d4 Re4 30. f5 Rf4+ 31. Ke2 Rxd4 32. fxg6 fxg6 33. Rxg6+
Kf7 34. Rg3 Re4+ 35. Kd3 Re5 36. Rf3+ Kg6 37. Kd4 Rg5 38. g3 Kh5 39. Rf7 Kg4 40.
Rxb7 Kxg3 41. Rc7 Rb5 42. b3 Ra5 43. a4 Rf5 44. Rxc6 Rf4+ 45. Kc3 Rf3+ 46. Kb4
Rf4+ 47. Rc4 Rf3 48. Rc3 a5+ 49. Kc4 1-0

[Event "AUTO-OPEN-4652"]
[Site "http://www.queenalice.com/game.php?id=1873411"]
[Date "2026.5.15"]
[Round "1"]
[White "mvson33"]
[Black "game"]
[Result "1-0"]
[WhiteElo "1838"]
[BlackElo "1594"]

1. e4 c5 2. Nf3 Nc6 3. Nc3 e5 4. Be2 d6 5. O-O Nf6 6. d3 b5 7. Bg5 Be7 8. a3 O-O
9. Qd2 Nh5 10. Bxe7 Qxe7 11. Nd5 Qd7 12. Nh4 Nf4 13. Nxf4 exf4 14. Qxf4 Nd4 15.
Qd2 d5 16. exd5 Bb7 17. Nf3 Bxd5 18. Rad1 Rfe8 19. Nxd4 cxd4 20. Qf4 Rxe2 21.
Qxd4 Rxc2 22. Rc1 Rxc1 23. Rxc1 h6 24. Rc5 Qe7 25. h3 Be6 26. Rxb5 Rd8 27. Qe4
Qg5 28. Rxg5 hxg5 29. Qb7 Rxd3 30. Qxa7 Kh7 31. b4 g4 32. hxg4 Bxg4 33. b5 Rd1+
34. Kh2 Rd6 35. a4 Rh6+ 36. Kg1 f5 37. b6 f4 38. b7 f3 39. b8=Q Rg6 40. Qb1 Bh3
41. Qxg6+ Kxg6 42. gxh3 Kh6 43. Qe3+ g5 44. a5 Kh5 45. Qxf3+ Kg6 46. a6 Kg7 47.
a7 1-0

[Event "AUTO-OPEN-4652"]
[Site "http://www.queenalice.com/game.php?id=1873412"]
[Date "2026.5.15"]
[Round "1"]
[White "game"]
[Black "mvson33"]
[Result "0-1"]
[WhiteElo "1591"]
[BlackElo "1852"]

1. e4 e5 2. Bc4 Nf6 3. Nf3 Nc6 4. Ng5 d5 5. Bb3 Be7 6. d3 O-O 7. h4 Bg4 8. Nf3
dxe4 9. dxe4 Qxd1+ 10. Kxd1 Nd4 11. Bc4 Nxf3 12. gxf3 Bxf3+ 13. Ke1 Bxh1 14. Bd5
Nxd5 15. exd5 Bxd5 16. Nc3 Bf3 17. Be3 Rad8 18. Kf1 Rd7 19. Bxa7 b6 20. Re1 Rfd8
21. Re3 e4 22. Kg1 Ra8 23. Nb5 c6 24. Bxb6 cxb5 25. Rb3 Rxa2 26. Kh2 Ra1 27. Kh3
Rh1+ 28. Kg3 Bd6# 0-1

[Event "AUTO-OPEN-4653"]
[Site "http://www.queenalice.com/game.php?id=1873643"]
[Date "2026.5.21"]
[Round "1"]
[White "Carlos19"]
[Black "mvson33"]
[Result "0-1"]
[WhiteElo "1593"]
[BlackElo "1824"]

1. e4 c6 2. Bc4 d5 3. exd5 cxd5 4. Bb5+ Bd7 5. Qe2 Nc6 6. d3 e6 7. f4 Nf6 8. Nf3
Bc5 9. c3 O-O 10. Bxc6 Bxc6 11. d4 Bb6 12. Ne5 Rc8 13. b4 a6 14. Na3 Ba4 15. g4
Nd7 16. Nxd7 Qxd7 17. Be3 Rxc3 18. Nb1 Rc2 19. Bd2 Bxd4 20. Nc3 Bxc3 21. Bxc3
Rxe2+ 22. Kxe2 Bb5+ 23. Ke3 Rd8 24. h4 Bc6 25. h5 d4+ 26. Kd3 dxc3+ 0-1

[Event "AUTO-OPEN-4653"]
[Site "http://www.queenalice.com/game.php?id=1873644"]
[Date "2026.5.21"]
[Round "1"]
[White "mvson33"]
[Black "Carlos19"]
[Result "1-0"]
[WhiteElo "1797"]
[BlackElo "1564"]

1. Nf3 Nc6 2. d4 Nf6 3. g3 d6 4. Bg2 h6 5. O-O e5 6. dxe5 Nxe5 7. Nxe5 dxe5 8.
Nc3 Bf5 9. Qxd8+ Rxd8 10. e4 Bg6 11. Be3 c5 12. f4 exf4 13. Bxf4 b6 14. Rad1
Rxd1 15. Rxd1 Bh7 16. Nd5 Nxd5 17. exd5 g5 18. Be5 Rg8 19. Bb8 Bxc2 20. Re1+ Kd7
21. Bxa7 b5 22. Rc1 Bd3 23. Bxc5 Bg7 24. Rd1 Be2 25. Rd2 Bc4 26. a3 f5 27. d6
Re8 28. Bb4 Re1+ 29. Kf2 Re6 30. Bd5 Bxd5 31. Rxd5 Be5 32. Rxb5 Bxd6 33. Rb6
Bxb4 34. Rxe6 Kxe6 35. axb4 Kd6 36. Ke3 Kc6 37. Kd4 f4 38. gxf4 gxf4 39. Ke4 Kb5
40. Kxf4 Kxb4 41. h4 Kb3 42. Kf5 Kxb2 43. Kg6 Kc3 44. Kxh6 Kd4 45. Kg7 1-0

[Event "AUTO-ADV-4937"]
[Site "http://www.queenalice.com/game.php?id=1873678"]
[Date "2026.5.21"]
[Round "1"]
[White "dosoldini"]
[Black "mvson33"]
[Result "0-1"]
[WhiteElo "1612"]
[BlackElo "1831"]

1. e4 e5 2. Nf3 Nc6 3. a3 Nf6 4. Nc3 Be7 5. h3 O-O 6. Be2 d6 7. d3 Bd7 8. Be3
Nh5 9. Qd2 f5 10. g4 Nf6 11. O-O-O fxe4 12. dxe4 a6 13. g5 Nh5 14. Bc4+ Kh8 15.
Nh4 Nf4 16. Bxf4 Rxf4 17. Ng2 Bxg5 18. Nxf4 Bxf4 0-1

[Event "AUTO-ADV-4937"]
[Site "http://www.queenalice.com/game.php?id=1873679"]
[Date "2026.5.21"]
[Round "1"]
[White "mvson33"]
[Black "dosoldini"]
[Result "1-0"]
[WhiteElo "1887"]
[BlackElo "1574"]

1. e4 e5 2. Nf3 Nc6 3. Bc4 Nf6 4. Nc3 Be7 5. O-O h6 6. d3 a6 7. Be3 Bc5 8. Bxc5
d6 9. Be3 O-O 10. a3 b5 11. Ba2 Ne7 12. Nd5 Nexd5 13. exd5 e4 14. dxe4 Bd7 15.
Qd3 Qe7 16. Rad1 Bg4 17. Rfe1 Bxf3 18. gxf3 Qd7 19. c4 Rae8 20. cxb5 axb5 21.
Bb1 g5 22. Bd4 Nh5 23. Be3 Qh3 24. e5 f5 25. exd6 cxd6 26. Rc1 Ng7 27. b4 Re7
28. Bd2 g4 29. fxg4 Qxd3 30. Bxd3 Ref7 31. gxf5 Nxf5 32. Bxf5 Rxf5 33. Bxh6 R8f7
34. Be3 Rg7+ 35. Kh1 Rxd5 36. Red1 Rh5 37. Rxd6 1-0

[Event "AUTO-ADV-4937"]
[Site "http://www.queenalice.com/game.php?id=1873706"]
[Date "2026.5.21"]
[Round "1"]
[White "mvson33"]
[Black "bdpq"]
[Result "1-0"]
[WhiteElo "1825"]
[BlackElo "1667"]

1. e4 d5 2. exd5 Qxd5 3. Nc3 Qd8 4. Nf3 e6 5. d4 Bb4 6. Bd2 Nf6 7. Be2 O-O 8.
O-O Bd7 9. Bd3 Bc6 10. Be2 Nbd7 11. a3 Bd6 12. Na2 Ne4 13. c4 b6 14. Nc3 Nxc3
15. Bxc3 Nf6 16. Qc2 Be4 17. Qd1 Nh5 18. Nd2 Nf4 19. Nxe4 Be7 20. Ng3 Bh4 21.
Bf3 Rb8 22. Qd2 e5 23. Qe3 Qf6 24. dxe5 Qf5 25. Nxf5 f6 26. Qxf4 Bg5 27. Qd4
Rfe8 28. exf6 Bxf6 29. Qd5+ Kh8 30. Bxf6 gxf6 31. Qf7 Rg8 32. Qxf6+ 1-0

[Event "AUTO-OPEN-4654"]
[Site "http://www.queenalice.com/game.php?id=1874110"]
[Date "2026.5.29"]
[Round "1"]
[White "mvson33"]
[Black "Rafale2000"]
[Result "0-1"]
[WhiteElo "1806"]
[BlackElo "1975"]

1. e4 Nf6 2. Nc3 d5 3. exd5 Nxd5 4. Nxd5 Qxd5 5. Nf3 Bg4 6. Be2 e6 7. O-O Bd6 8.
d3 Nc6 9. Be3 O-O-O 10. a3 Qh5 11. h3 Bxh3 12. gxh3 Qxh3 13. Qd2 Qg4+ 14. Kh1
Qh3+ 15. Kg1 g5 16. Rfd1 g4 17. Bf4 gxf3 18. Bxf3 Rhg8+ 0-1

[Event "AUTO-ADV-4938"]
[Site "http://www.queenalice.com/game.php?id=1874144"]
[Date "2026.5.30"]
[Round "1"]
[White "Petruzza"]
[Black "mvson33"]
[Result "0-1"]
[WhiteElo "1896"]
[BlackElo "1853"]

1. e4 e5 2. Nf3 Nc6 3. c3 Nf6 4. d3 Be7 5. Be3 O-O 6. h4 d5 7. exd5 Nxd5 8. g4
Nxe3 9. fxe3 Bxg4 10. Be2 e4 11. dxe4 Qxd1+ 12. Bxd1 Rad8 13. Nd4 Bxd1 14. Kxd1
Nb8 15. Kc2 a6 16. Nd2 Nd7 17. Raf1 Rfe8 18. h5 h6 19. Rhg1 Bg5 20. Nf5 Nf6 21.
Rd1 Nxh5 22. Rg4 Nf6 23. Nc4 Rxd1 24. Kxd1 Nxg4 25. e5 Nxe5 0-1